[Event "Wroclaw Anderssen Memorial"]
[Site "Wroclaw"]
[Date "2022.07.30"]
[Round "1"]
[White "Rajda, Krystian"]
[Black "Kuriata, Tomasz"]
[Result "1-0"]
[WhiteElo "1847"]
[BlackElo "1193"]
[PlyCount "57"]
[EventDate "2022.07.30"]
[EventType "swiss (rapid)"]
[EventRounds "9"]
[EventCountry "POL"]
[SourceTitle "CBM 209 Extra"]
[Source "ChessBase"]
[SourceDate "2022.09.30"]
[SourceVersion "1"]
[SourceVersionDate "2022.09.30"]
[SourceQuality "1"]

1. e4 c5 2. d4 cxd4 3. c3 Nf6 4. e5 Nd5 5. Nf3 Nc6 6. Bc4 Nb6 7. Bb3 d6 8. exd6 Qxd6 9. 0-0 e6 10. cxd4 Be7 11. Nc3 0-0 12. a3 a6 13. Qd3 Bf6 14. Ne4 Qe7 15. Bc2 g6 16. Bf4 Rd8 17. Nxf6+ Qxf6 18. Bg5 Rxd4 19. Bxf6 Rxd3 20. Bxd3 Nd5 21. Bc3 b5 22. Rac1 Nce7 23. Rfd1 Bb7 24. h3 Rd8 25. Be4 f5 26. Bxd5 Nxd5 27. Be5 Kf8 28. Rc7 Nxc7 29. Rxd8+ 1-0